| 000 | 00426cam a2200181ua 4500 | ||
|---|---|---|---|
| 001 | 8178 | ||
| 008 | 181008n II |||gr||||Z||||||eng | ||
| 040 | _aMAIN | ||
| 041 | _aEnglish | ||
| 041 | _aeng | ||
| 082 | _a320.554 PAN | ||
| 100 | _aPANDEY , B.N . | ||
| 245 | _aTHE INDIAN NATIONALIST MOVEMENT 1885-1947 | ||
| 260 |
_aDELHI: _bMACMILLAN PRESS, _c1979. |
||
| 300 | _a272. | ||
| 653 | _aPolitical science | ||
| 942 | _cBK | ||
| 999 |
_c8159 _d8159 |
||